Digital Logic And Computer Design (Record no. 354019)
[ view plain ]
| 000 -LEADER | |
|---|---|
| fixed length control field | 00387nam a2200145Ia 4500 |
| 008 - FIXED-LENGTH DATA ELEMENTS--GENERAL INFORMATION | |
| fixed length control field | 230719s9999 xx 000 0 und d |
| 041 ## - LANGUAGE CODE | |
| Language code of text/sound track or separate title | eng |
| 082 ## - DEWEY DECIMAL CLASSIFICATION NUMBER | |
| Classification number | 621.3815'3 |
| Item number | G.K |
| 100 ## - MAIN ENTRY--PERSONAL NAME | |
| Personal name | G.K. Publishers |
| 245 ## - TITLE STATEMENT | |
| Title | Digital Logic And Computer Design |
| Remainder of title | Problems And Solutions |
| 260 ## - PUBLICATION, DISTRIBUTION, ETC. (IMPRINT) | |
| Date of publication, distribution, etc. | 2010 |
| Name of publisher, distributor, etc. | G.K. Publishers |
| 300 ## - PHYSICAL DESCRIPTION | |
| Extent | 338 |
| 365 ## - TRADE PRICE | |
| Currency code | Rs. |
| Price amount | 80.00 |
| 700 ## - ADDED ENTRY--PERSONAL NAME | |
| Personal name | G.K. Publishers |
| Withdrawn status | Lost status | Damaged status | Not for loan | Home library | Current library | Shelving location | Date acquired | Vendor | Cost, normal purchase price | Full call number | Barcode | Date last seen | Cost, replacement price | Bill Date | Koha item type | Original Barcode |
|---|---|---|---|---|---|---|---|---|---|---|---|---|---|---|---|---|
| Cummins College of Engineering for Women Pune | Cummins College of Engineering for Women Pune | Donated Book | 26/07/2012 | Masurkar Enterprises | 80.00 | 621.3815'3 | CCEP-DB-224 | 19/07/2023 | 80.00 | 19/07/2023 | Books | D00224 |